Game of Thrones Logic Puzzle Post S7 Quiz Stats

 Plays Quiz not verified by Sporcle

Score 0/30 Timer 20:00
11 Plays Today
Square Character % Correct
A1







???
100%
B4







???
99.8%
D5







???
99.8%
A6







???
70.2%
E1







???
65.8%
E6







???
55.9%
A3







???
44.5%
D1







???
39.2%
D6







???
38.7%
D3







???
28.3%
B2







???
27.7%
C4







???
25.7%
C1







???
24.5%
A4







???
24%
D2







???
23.9%
Square Character % Correct
E5







???
23.8%
A5







???
23%
A2







???
22.8%
D4







???
21.8%
E4







???
19.8%
E2







???
19.6%
C2







???
19.3%
E3







???
15.4%
C5







???
15.1%
B5







???
14.8%
B6







???
14.8%
B3







???
14.5%
C6







???
12.5%
C3







???
12.5%
B1







???
10.2%

You're not logged in!

Compare scores with friends on all Sporcle quizzes.
OR
Log In

Show Comments

Extras

Top Quizzes Today


Score Distribution

Your Account Isn't Verified!

In order to create a playlist on Sporcle, you need to verify the email address you used during registration. Go to your Sporcle Settings to finish the process.

Report this User

Report this user for behavior that violates our Community Guidelines.

Details: